| 000 | 01299nam0a22003011 4500 | ||
|---|---|---|---|
| 001 | rc\191201 | ||
| 005 | 20260127095640.0 | ||
| 010 |
_a5-85998-014-0 _95000 |
||
| 035 | _a(NLR Aleph) 005447443 | ||
| 090 |
_a4821754 _c4821754 |
||
| 100 | _a20030307d1992 u |0rusy50 ca | ||
| 101 | 0 | _arus | |
| 102 | _aRU | ||
| 105 | _aa ||||||||| | ||
| 200 | 1 |
_aБиблиотеки и библиотечное дело США: комплексный подход _f[Р.С. Гиляревский, Ю.П. Нюкша, Б.П. Каневский и др.] _gПод ред. В.В. Попова |
|
| 210 |
_aМ. _cНауч.-произв. предприятие "Информ-система", Изд. фирма "Логос" _d1992 |
||
| 215 |
_a294, [1] с. _cил. _d20 |
||
| 300 | _aПеред вып. дан. 1-й авт.: Гиляревский Руджера[!] Сергеевич | ||
| 300 | _aАвт. указаны на обороте тит. л. | ||
| 320 | _aБиблиогр. в конце разделов | ||
| 701 | 1 |
_aГиляревский _bР. С. _f1929-2025 _gРуджеро Сергеевич _3RU\NLR\AUTH\775815 |
|
| 702 | 1 |
_aПопов _bВ. В. _4340 |
|
| 801 | 0 |
_aRU _bNLR _gpsbo |
|
| 801 | 1 |
_aRU _bELAR _2rusmarc |
|
| 852 |
_aNLR _bБ _j2015/6-594 |
||
| 942 | _cBOOK | ||
| 980 | _aNB | ||